Statystyki dla Kraje z największą liczbą osób mówiących po włosku

Kliknij tutaj aby rozwiązać quiz!

Ogólne statystyki

  • Ten quiz został rozwiązany 251 razy
  • Średni wynik to 8 z 12

Statystyki odpowiedzi

# Użytkownicy%Państwo% Poprawnych
58.2 mln98%Włochy
100%
3.23 mln5.1%Francja
88%
1.28 mln15.5%Szwajcaria
87%
1.13 mln2.4%Hiszpania
83%
2.53 mln3.2%Niemcy
83%
3.28 mln1.2%Stany Zjednoczone
81%
790 tys.9.4%Austria
74%
1.34 mln2.1%Wielka Brytania
67%
4.05 mln2.1%Brazylia
52%
1.36 mln3.5%Argentyna
42%
1.49 mln7.4%Rumunia
33%
799 tys.28%Albania
30%

Rozkład punktacji

Percentyl według liczby udzielonych odpowiedzi

Procent ludzi z każdym wynikiem

Twoja historia wyników

Nie rozwiązałeś tego quizu